Movies Quiz

Random Movies or Famous Quiz

HAL 9000's Famous Last Words Quiz Stats

 Plays Quiz not verified by Sporcle

Score 0/200 Timer 07:00
0 Plays Today
% Correct
a
94.4%
and
94.4%
the
94.4%
and
94.4%
the
94.4%
and
94.4%
a
94.4%
the
94.4%
the
94.4%
And
94.4%
a
94.4%
the
94.4%
a
94.4%
a
94.4%
I can feel it...
94.1%
I can feel it...
94.1%
I can feel it...
94.1%
I can feel it...
94.1%
I
93.3%
I
93.3%
I
93.3%
I
93.3%
I
93.3%
I
93.3%
I
93.3%
I
93.3%
I
93.3%
I
93.3%
you
85.2%
you
85.2%
you...
85.2%
you?...
85.2%
you
85.2%
you...
85.2%
you...
85.2%
can
76.1%
can
76.1%
can
76.1%
can
76.1%
do...
75.4%
stop, Dave?...
75.3%
Stop, Dave...
75.3%
Dave.
73.7%
Dave,
73.7%
Dave...
73.7%
Dave...
73.7%
Dave,
73.7%
it...
71.2%
it...
71.2%
it,
71.2%
it
71.2%
it
71.2%
it
71.2%
It
71.2%
Of a bicycle built for two...
70.2%
me
69.4%
me.)
69.4%
me
69.4%
But you'd look sweet upon the seat...
65.3%
he
64.8%
Daisy, Daisy,
62.6%
'Daisy.'
62.5%
I'm afraid,
60.5%
I'm afraid...
60.5%
of
59.5%
of
59.5%
for
59.1%
% Correct
for
59.1%
for
59.1%
to
59%
be
59%
to
59%
to
59%
to
59%
to
59%
to
59%
be
59%
your
58%
HAL
57.9%
H.A.L
57.9%
HAL.
57.9%
I'm
57.5%
I'm
57.5%
feel
55.7%
stop...
53.8%
Stop.
53.8%
Stop,
53.8%
no
53.8%
is
53.7%
is
53.7%
is
53.7%
can't
51%
love
50.9%
give
50.1%
give
50.1%
my
49.6%
my
49.6%
my
49.6%
My
49.6%
My
49.6%
am
48.6%
in
46.9%
in
46.9%
will
46.5%
Will
46.5%
Will
46.5%
that
46.2%
9000
45.1%
won't
43.3%
answer
43.2%
see
42.7%
crazy
42.7%
all
41.9%
going...
41.1%
going...
41.1%
computer...
39.1%
sing
38.6%
sing
38.6%
Sing
38.6%
But,
38.3%
song...
38.1%
hear
37.9%
hear
37.9%
was
36.8%
If
36.6%
on
36.5%
like
36.4%
like
36.4%
mind
36.4%
mind
36.4%
afraid...
36.2%
half
36.1%
(Yes,
35.5%
carriage...
35.3%
% Correct
afford
34.5%
marriage...
34.1%
this...
34%
you're
32.2%
taught
31.2%
want
31%
think
29.9%
think
29.9%
Good
29.9%
know
29.3%
you'd
28.3%
stylish
28.2%
It's
28.1%
There
27.3%
upset
27.2%
I'd
26.4%
about
25.5%
about
25.5%
over...
25.3%
at
24.1%
very
24.1%
Illinois
23.3%
help
23.2%
take
23%
mission
22.8%
Look,
22.7%
called
21.6%
down
21.3%
pill,
21.3%
really
20.8%
made
20.4%
stress
20.2%
some
18.4%
afternoon,
17.7%
I've
17.4%
I've
17.4%
things
16.4%
1992...
16%
gentlemen...
15.9%
sit
15.6%
became
13.8%
question
13.7%
Mr.
13.7%
Urbana,
13.4%
January
13.4%
assurance
13.2%
decisions
13.1%
operational
12.8%
back
12.4%
ought
12.2%
got
12.2%
Langley...
12.2%
instructor
12.1%
poor
11.6%
confidence
11.5%
still
11.4%
plant
11.3%
complete
10.7%
Twelfth
10.7%
normal...
10.6%
work
10.5%
recently...
9.9%
enthusiasm
9.7%
greatest
8.9%
honestly
8.4%
calmly,
8%

You're not logged in!

Compare scores with friends on all Sporcle quizzes.
OR
Log In

Show Comments

Extras

Top Quizzes Today


Score Distribution

Your Account Isn't Verified!

In order to create a playlist on Sporcle, you need to verify the email address you used during registration. Go to your Sporcle Settings to finish the process.

Report this User

Report this user for behavior that violates our Community Guidelines.

Details: